000 00222 a2200097 4500
020 _a9789365693331
100 _aAnand Neelakantan
245 _aMany Ramayanas, many lessons
260 _bHarper Collins
_c2025
942 _cOO
999 _c115225
_d115224